000 00846nas a2200289 4500
001 BR0303076
003 BR-BrBNA
005 20231205103933.0
007 ta
008 230509b bl.|||p| |||| 00| 00por d
040 _aBR-BrBNA
_bpor
_cBiblioteca Nacional de Agricultura
041 _a(Pt)
072 _aF02; F30
100 1 _aErig, A.C.
100 1 _aSchuch, M.W.
245 1 _aRegeneração in vitro de brotações de pereira (Pyrus communis L.)cultivar Carrick
650 _aPÊRA
650 _aVARIEDADE
650 _aEXPLANTE
650 _aREGENERAÇÃO
650 _aCULTURA IN VITRO
650 _aMÉTODO ESTATÍSTICO
650 _aORGANOGÊNESE
773 0 _tCiência Rural (Brazil)
_xISSN 0103-8478
_g(May-Jun 2003), v. 33(3) p. 443-448
_wBR0303076
909 _a202311
_bLúcia
_c55
_dLúcia Elande
942 _2AGRIS
_n0
_cANA
999 _c175532
_d175532